000 00652nam a22001817a 4500
003 UA-OsUOA
001 17445
007 ta
008 20040301b un ||||| |||| 00| 0 ukr d
100 _aПогонська В.
942 _cSA
040 _aUA-OsUOA
_cUA-OsUOA
_dUA-OsUOA
245 _aСерце, віддане дітям: [Про В.І. Барсу - зав. педіатр. від-ням поліклініки №4 Рівнен. міськ. об-ня дит. лікарні, деп. міськ. ради]
300 _aС.3
955 _a0
773 0 _w0
_tСім днів
_dРівне
_d2004
_g№8/20 лют./
650 7 _aБарса В.І.
_2UDC
999 _c303613
_d303613